[Event "World Youth Boys U16 2014"]
[Site "Durban RSA"]
[Date "2014.09.26"]
[Round "8.18"]
[White "Kollars, Dmitrij"]
[Black "Maguire, Tom"]
[Result "1-0"]
[WhiteElo "2243"]
[BlackElo "1810"]
[WhiteFideId "12909572"]
[BlackFideId "3221385"]
[EventDate "2014.09.20"]

1. e4 c6 2. d4 d5 3. f3 e6 4. Nc3 Nd7 5. Bf4 Ngf6 6. Nge2 dxe4 7. fxe4 Bb4 8.
Qd3 O-O 9. O-O-O Re8 10. e5 Nd5 11. Ne4 Nxf4 12. Nxf4 f5 13. exf6 Nxf6 14. Ng5
Qa5 15. h4 Qxa2 16. c3 Qa1+ 17. Kc2 Qa4+ 18. Kd2 Be7 19. Qc4 b5 20. Qxa4 bxa4
21. Bc4 Nd5 22. Ngxe6 Bxe6 23. Nxe6 Rab8 24. Rb1 Bxh4 25. Rxh4 Rxe6 26. Kc2 Rg6
27. Rh2 Rf8 28. g4 Rxg4 29. Ra1 Rf7 30. Re2 h5 31. Rxa4 h4 32. Ra6 Kh7 33. Rxc6
Nf4 34. Re8 Rf6 35. Bd3+ Nxd3 36. Rxf6 Nb4+ 37. Kb3 gxf6 38. Kxb4 h3 39. Re3 Rh4
40. Re1 h2 41. Rh1 Kg6 42. c4 Kf7 43. d5 Ke7 44. Kc5 a5 45. b3 Rh3 46. Kc6 f5
47. Kc7 f4 48. d6+ Ke6 49. d7 Rh7 50. Re1+ Kf5 51. Kc8 Rh8+ 52. d8=Q Rxd8+ 53.
Kxd8 f3 54. c5 f2 55. Rc1 1-0

[Event "World Youth Boys U16 2014"]
[Site "Durban RSA"]
[Date "2014.09.26"]
[Round "8.19"]
[White "Sinyanskiy, Maxim"]
[Black "Dragnev, Valentin"]
[Result "0-1"]
[WhiteElo "2038"]
[BlackElo "2151"]
[WhiteFideId "4178068"]
[BlackFideId "1634852"]
[EventDate "2014.09.20"]

1. e4 c5 2. Nf3 e6 3. d4 cxd4 4. Nxd4 Nc6 5. Nb5 d6 6. c4 a6 7. N5c3 Nf6 8. Be2
b6 9. O-O Bb7 10. Nd2 Be7 11. Nb3 O-O 12. f4 Nb8 13. Bd3 Nbd7 14. Qe2 Rc8 15. e5
dxe5 16. fxe5 Nxe5 17. Bxh7+ Nxh7 18. Qxe5 Rxc4 19. Rd1 Bf6 20. Rxd8 Bxe5 21.
Rxf8+ Nxf8 22. Be3 Bxc3 23. bxc3 Rxc3 24. Bxb6 Nd7 25. Bf2 Rc2 26. h3 Ne5 27.
Nc5 Bd5 28. a4 a5 29. Rb1 Ng6 30. Nd3 Rd2 31. Ne1 Ra2 32. Rb5 Rxa4 33. Bb6 Rb4
34. Rxb4 axb4 35. Nd3 b3 36. Bd4 f6 37. g3 Kf7 38. Kf2 e5 39. Bb2 0-1

[Event "World Youth Boys U16 2014"]
[Site "Durban RSA"]
[Date "2014.09.26"]
[Round "8.20"]
[White "Ahmed, Fareed"]
[Black "Lenaerts, Lennert"]
[Result "1-0"]
[WhiteElo "1929"]
[BlackElo "2329"]
[WhiteFideId "9303677"]
[BlackFideId "211435"]
[EventDate "2014.09.20"]

1. e4 e5 2. Nf3 Nc6 3. Bb5 a6 4. Ba4 Nge7 5. c4 g6 6. Nc3 Bg7 7. d3 d6 8. h3 h6
9. Ne2 O-O 10. g4 b5 11. Bb3 Na5 12. Bd2 Nxb3 13. axb3 Be6 14. Ng3 Qd7 15. Rg1
Kh7 16. Nh4 Rh8 17. Qf3 c6 18. Nhf5 Bf8 19. Qe3 gxf5 20. gxf5 Nxf5 21. Nh5 Qe7
22. exf5 Bxf5 23. Qf3 Qe6 24. Qxc6 Rb8 25. Qc7 Re8 26. Qd7 Qg6 27. Rxg6 Bxd7 28.
Rg1 Re6 29. Rxa6 Be8 30. c5 Rg8 31. Rxg8 Kxg8 32. c6 f5 33. c7 Bd7 34. Ra8 f4
35. Rd8 1-0

[Event "World Youth Boys U16 2014"]
[Site "Durban RSA"]
[Date "2014.09.26"]
[Round "8.21"]
[White "Vorontsov, Pavlo"]
[Black "Whatley, Stephen A J"]
[Result "1-0"]
[WhiteTitle "FM"]
[WhiteElo "2397"]
[BlackElo "1881"]
[WhiteFideId "14116367"]
[BlackFideId "420441"]
[EventDate "2014.09.20"]

1. b3 f5 2. Bb2 d6 3. Nf3 Nf6 4. e3 e5 5. d4 e4 6. Nfd2 g6 7. c4 Bg7 8. Nc3 O-O
9. Be2 c5 10. d5 a6 11. Qc2 Nbd7 12. O-O-O Ne5 13. h3 b5 14. Rdg1 bxc4 15. Nxc4
Nxc4 16. Bxc4 Qe7 17. Rd1 Nd7 18. h4 Ne5 19. Na4 Rb8 20. h5 Bd7 21. hxg6 Bxa4
22. Rxh7 Be8 23. f4 exf3 24. gxf3 f4 25. Rg1 Qf6 26. Rg4 Rb7 27. exf4 Bxg6 28.
fxe5 Bxc2 29. exf6 Bxh7 30. Bxa6 Rbf7 31. fxg7 Ra8 32. Bb5 Rxa2 33. Ra4 Ra7 34.
Bd7 Bg6 35. Be6+ 1-0

[Event "World Youth Boys U16 2014"]
[Site "Durban RSA"]
[Date "2014.09.26"]
[Round "8.22"]
[White "Chen, Junhong"]
[Black "Song, Edward"]
[Result "0-1"]
[WhiteElo "1846"]
[BlackElo "2323"]
[WhiteFideId "8613931"]
[BlackFideId "2051192"]
[EventDate "2014.09.20"]

1. d4 Nf6 2. c4 e6 3. Nc3 Bb4 4. e3 b6 5. Bd3 Bb7 6. Nf3 O-O 7. O-O c5 8. Bd2
cxd4 9. exd4 Re8 10. a3 Bf8 11. Bg5 d6 12. Re1 Nbd7 13. Bc2 h6 14. Bh4 Rc8 15.
b3 a6 16. Qd3 Qc7 17. Rac1 g6 18. Bg3 Nh5 19. Nh4 Nxg3 20. fxg3 Bg7 21. Rf1 Nf8
22. Bb1 e5 23. d5 Qd8 24. Qc2 Rc7 25. Qf2 Rce7 26. g4 Bc8 27. Qf3 Nh7 28. Ne4
Rf8 29. Rf2 Ree8 30. g3 Ng5 31. Qg2 Bxg4 32. Nxg5 hxg5 33. h3 Bc8 34. Nxg6 fxg6
35. Bxg6 Rxf2 36. Qxf2 Rf8 37. Qe2 Qf6 38. Be4 Qh6 39. Rc3 Qxh3 40. Rf3 Rxf3 41.
Qxf3 Qg4 42. Qd3 Qd7 43. Bh7+ Kf8 44. Qg6 Qe7 45. Qh5 e4 0-1

[Event "World Youth Boys U16 2014"]
[Site "Durban RSA"]
[Date "2014.09.26"]
[Round "8.23"]
[White "Cortes Orihuela, Javier"]
[Black "Mayed, Al-Rashedi"]
[Result "0-1"]
[WhiteTitle "FM"]
[BlackTitle "FM"]
[WhiteElo "2216"]
[BlackElo "1859"]
[WhiteFideId "3414329"]
[BlackFideId "9303871"]
[EventDate "2014.09.20"]

1. d4 Nf6 2. c4 e6 3. g3 c5 4. d5 exd5 5. cxd5 d6 6. Nc3 g6 7. Bg2 Bg7 8. Nf3
O-O 9. O-O Re8 10. Nd2 a6 11. a4 Nbd7 12. h3 Rb8 13. Nc4 Nb6 14. Na3 Bd7 15. e4
Qc7 16. Re1 Nc8 17. Bf1 Na7 18. Nc4 b5 19. axb5 Nxb5 20. e5 dxe5 21. d6 Qc8 22.
Nxe5 Bxh3 23. Bc4 Be6 24. d7 Nxd7 25. Bxe6 Rxe6 26. Nxd7 Rxe1+ 27. Qxe1 Qxd7 28.
Nxb5 axb5 29. Bf4 Re8 30. Qc1 Bd4 31. Qd2 Qe6 32. Bh6 f5 33. Rd1 Qe2 34. Qxe2
Rxe2 35. b4 Bxf2+ 36. Kf1 Rc2 37. Rd7 Bd4 38. bxc5 Be5 39. Rb7 Rxc5 40. Kg2 Rc2+
41. Kh3 Rc3 0-1

[Event "World Youth Boys U16 2014"]
[Site "Durban RSA"]
[Date "2014.09.26"]
[Round "8.24"]
[White "Modi, Sachin"]
[Black "Tasci, Onur"]
[Result "0-1"]
[WhiteTitle "CM"]
[WhiteElo "1676"]
[BlackElo "2028"]
[WhiteFideId "14304589"]
[BlackFideId "6322182"]
[EventDate "2014.09.20"]

1. e4 d5 2. exd5 Nf6 3. Bb5+ Bd7 4. Be2 Nxd5 5. d4 g6 6. Nf3 Bg7 7. O-O O-O 8.
c4 Nb6 9. Nc3 Bg4 10. Be3 Nc6 11. d5 Bxf3 12. Bxf3 Ne5 13. c5 Nbc4 14. Rb1 b6
15. cxb6 Nxf3+ 16. Qxf3 axb6 17. Rfc1 Nxe3 18. Qxe3 Ra5 19. a3 Bxc3 20. Qxc3
Rxd5 21. Qxc7 Rd1+ 0-1

[Event "World Youth Boys U16 2014"]
[Site "Durban RSA"]
[Date "2014.09.26"]
[Round "8.27"]
[White "Taylor, Adam C"]
[Black "Kolver, Chris"]
[Result "1/2-1/2"]
[WhiteElo "2023"]
[BlackElo "1751"]
[WhiteFideId "424668"]
[BlackFideId "14307820"]
[EventDate "2014.09.20"]

1. d4 d5 2. Nf3 Nf6 3. c4 c6 4. Qc2 a6 5. Bf4 dxc4 6. Qxc4 Bf5 7. Nbd2 e6 8. Qb3
b6 9. e3 Be7 10. Rc1 c5 11. Nh4 Bg6 12. Nxg6 hxg6 13. Be2 Nbd7 14. Bf3 Ra7 15.
Nc4 O-O 16. a4 Nh5 17. Be5 Nhf6 18. O-O Nd5 19. Bg3 cxd4 20. exd4 Bg5 21. Rcd1
Bf4 22. Bxf4 Nxf4 23. Ne5 Rc7 24. g3 Nh5 25. Nxd7 Rxd7 26. d5 exd5 27. Bxd5 Nf6
28. Bc4 a5 29. Rxd7 Nxd7 30. Rd1 Qc7 31. Bb5 Nc5 32. Qd5 Ne6 33. Qe4 Rd8 34. Re1
Qc5 35. Qe3 Qxe3 36. Rxe3 Kf8 37. Bc4 Nc5 38. b3 Re8 39. Rf3 f6 40. Rf4 Re4 41.
Rf3 Nxa4 42. Rd3 Nb2 43. Rd6 Nxc4 44. bxc4 Rxc4 45. Rxb6 Ra4 46. Rb7 Ra1+ 47.
Kg2 a4 48. h4 1/2-1/2

[Event "World Youth Boys U16 2014"]
[Site "Durban RSA"]
[Date "2014.09.26"]
[Round "8.28"]
[White "Suta, Andraz"]
[Black "Subramaniam, Shreyes"]
[Result "1/2-1/2"]
[WhiteElo "2063"]
[BlackElo "1813"]
[WhiteFideId "14613190"]
[BlackFideId "5707153"]
[EventDate "2014.09.20"]

1. e4 c5 2. Nf3 d6 3. d4 cxd4 4. Nxd4 Nf6 5. Nc3 a6 6. Bc4 e6 7. a3 Be7 8. O-O
b5 9. Ba2 O-O 10. f4 Qc7 11. Be3 Nbd7 12. Qf3 Bb7 13. f5 e5 14. Nde2 Nc5 15. Ng3
Rfe8 16. Nh5 Ncxe4 17. Nxe4 Nxe4 18. Qg4 Bf8 19. Bh6 Qc5+ 20. Kh1 Nf2+ 21. Rxf2
Qxf2 22. Rg1 g6 23. Nf6+ Kh8 24. Nxe8 Rxe8 25. fxg6 fxg6 26. Qd7 Rb8 27. Bg5
Bxg2+ 28. Rxg2 Qf1+ 29. Rg1 Qf3+ 1/2-1/2

[Event "World Youth Boys U16 2014"]
[Site "Durban RSA"]
[Date "2014.09.26"]
[Round "8.29"]
[White "Tshabalala, Ernest"]
[Black "Nassr, Ahmed"]
[Result "1/2-1/2"]
[WhiteElo "1827"]
[BlackElo "1965"]
[WhiteFideId "14318466"]
[BlackFideId "7904860"]
[EventDate "2014.09.20"]

1. e4 c5 2. Nf3 Nc6 3. d4 cxd4 4. Nxd4 e6 5. Nc3 Nf6 6. Be3 a6 7. Be2 Be7 8. O-O
O-O 9. Qd2 Qc7 10. f4 d6 11. Rad1 Bd7 12. Bf3 Rac8 13. Nxc6 Bxc6 14. Kh1 b5 15.
a3 Nd7 16. e5 d5 17. Qf2 Rb8 18. Qg3 Kh8 19. Bd4 Bc5 20. Bxc5 Nxc5 21. Bg4 g6
22. Rd4 a5 23. b4 axb4 24. axb4 Na4 25. Nxa4 bxa4 26. Qa3 Bb5 27. Rc1 Rfc8 28.
c3 Rb6 29. c4 dxc4 30. Be2 Rd8 31. Qc3 Rxd4 32. Qxd4 Rc6 33. Qc3 1/2-1/2

[Event "World Youth Boys U16 2014"]
[Site "Durban RSA"]
[Date "2014.09.26"]
[Round "8.31"]
[White "Sasitharan, Abhiram"]
[Black "Satre, Mathias"]
[Result "1-0"]
[WhiteTitle "CM"]
[WhiteElo "1854"]
[BlackElo "1795"]
[WhiteFideId "11301155"]
[BlackFideId "1513648"]
[EventDate "2014.09.20"]

1. d4 Nf6 2. c4 e5 3. dxe5 Ng4 4. Nf3 Nc6 5. Bf4 Bb4+ 6. Nbd2 Qe7 7. e3 Ncxe5 8.
Nxe5 Nxe5 9. Be2 d6 10. O-O Be6 11. Rc1 Ng6 12. Qa4+ Bd7 13. Qxb4 Nxf4 14. exf4
O-O-O 15. Bf3 c6 16. Rfe1 Qf6 17. Ne4 Qxf4 18. Nxd6+ Kc7 19. Qxb7+ Kxd6 20.
Rcd1+ Kc5 21. Qxa7+ 1-0

[Event "World Youth Boys U16 2014"]
[Site "Durban RSA"]
[Date "2014.09.26"]
[Round "8.32"]
[White "Conradie, Andre"]
[Black "Sidabras, Ignas"]
[Result "1-0"]
[WhiteElo "1748"]
[BlackElo "1842"]
[WhiteFideId "14304570"]
[BlackFideId "12806030"]
[EventDate "2014.09.20"]

1. e4 e6 2. d4 d5 3. Nd2 b6 4. e5 c5 5. c3 Ne7 6. f4 Nf5 7. Ndf3 Be7 8. Ne2 Nc6
9. g3 cxd4 10. Nexd4 Nfxd4 11. cxd4 Bb4+ 12. Kf2 Bb7 13. Bd3 Be7 14. a3 Rc8 15.
Be3 g6 16. g4 h5 17. h3 Kd7 18. f5 Qg8 19. f6 Bd8 20. Qb3 Kc7 21. Rhc1 Kb8 22.
Qa4 hxg4 23. hxg4 Rh3 24. Rh1 Qh8 25. Kg2 Rxh1 26. Rxh1 Qg8 27. b4 Bc7 28. Bb5
Bd8 29. Bd2 Rc7 30. Kg3 Ka8 31. Rc1 Qe8 32. Ng5 Kb8 33. Nxf7 Qxf7 34. Bxc6 Bxc6
35. Rxc6 Rxc6 36. Qxc6 a6 37. Qd6+ Kc8 38. Bh6 a5 39. Qf8 Qc7 40. Qe8 Qh7 41.
Qxe6+ Kc7 42. g5 1-0

[Event "World Youth Boys U16 2014"]
[Site "Durban RSA"]
[Date "2014.09.26"]
[Round "8.33"]
[White "Berman, Jacob"]
[Black "Roos, Lucas"]
[Result "1/2-1/2"]
[WhiteElo "1837"]
[BlackElo "1684"]
[WhiteFideId "2071010"]
[BlackFideId "14308673"]
[EventDate "2014.09.20"]

1. d4 Nf6 2. c4 g6 3. f3 c5 4. d5 e6 5. Nc3 exd5 6. cxd5 d6 7. e4 Bg7 8. Bf4 O-O
9. Qd2 a6 10. a4 Re8 11. Bd3 Nh5 12. Bg5 Qa5 13. g4 Nf6 14. h4 b5 15. h5 c4 16.
Be2 Nbd7 17. hxg6 hxg6 18. Ra2 b4 19. Nd1 Nc5 20. Bxf6 Bxf6 21. g5 Bg7 22. Bxc4
Nxe4 23. fxe4 Rxe4+ 24. Be2 Rd4 25. Qe3 b3+ 26. Nc3 bxa2 27. Qe8+ Bf8 28. Rh8+
Kxh8 29. Qxf8+ Kh7 30. Qxf7+ Kh8 31. Qf8+ Kh7 1/2-1/2

[Event "World Youth Boys U16 2014"]
[Site "Durban RSA"]
[Date "2014.09.26"]
[Round "8.35"]
[White "Forster, James Connor Christophe"]
[Black "Tuomainen, Felix"]
[Result "1/2-1/2"]
[WhiteElo "1687"]
[BlackElo "2042"]
[WhiteFideId "14309343"]
[BlackFideId "1720813"]
[EventDate "2014.09.20"]

1. d4 d5 2. Nf3 Nf6 3. e3 c5 4. c4 e6 5. b3 cxd4 6. Nxd4 Be7 7. Be2 dxc4 8. Bxc4
O-O 9. O-O a6 10. Bb2 Nbd7 11. Nd2 Nb6 12. Be2 Re8 13. Rc1 e5 14. N4f3 Bd6 15.
Qc2 Bg4 16. Rfd1 Qe7 17. Qb1 Rad8 18. Nf1 Bh5 19. Ng3 Bg6 20. Qa1 Nbd7 21. Nh4
Bb8 22. Nxg6 hxg6 23. Rc2 Nf8 24. Rcd2 Rc8 25. Qb1 b5 26. a4 Qb7 27. axb5 axb5
28. Qd3 b4 29. Qb5 Qe7 30. Qa4 Rc7 31. Qa5 Rcc8 32. Ba6 Bc7 33. Qb5 Rb8 34. Qe2
Ne6 35. Bb5 Rf8 36. Bc4 Nc5 37. Ra1 Nfd7 38. Ra7 Bb6 39. Ra1 Rfc8 40. Rc2 Bc7
41. Rac1 Bd6 42. Nf1 Rd8 43. Nd2 Nb6 44. h3 Rbc8 45. Ba1 Qd7 46. Bb5 Qf5 47. Bc4
Ra8 48. Bb2 Ra2 49. e4 Qg5 50. Qf3 Rd7 51. Bb5 Rd8 52. Bc4 Rd7 53. Bb5 Rc7 54.
Ba1 Rca7 55. Bb2 R7a5 56. Bc4 Ra7 57. Bb5 Ne6 58. Qd3 Qe7 59. Nc4 Nxc4 60. Bxc4
Nf4 61. Qe3 Bc5 62. Qd2 Qf6 63. Bf1 Bb6 64. Bb5 Ra8 65. g3 Rd8 66. Qe1 Nd3 67.
Bxd3 Rxd3 68. Rc8+ Kh7 69. R8c2 Rxb3 70. Ba1 Rba3 71. Bb2 Ra4 72. Qe2 b3 73. Rd2
Qg5 74. h4 Qh5 75. Qb5 1/2-1/2

[Event "World Youth Boys U16 2014"]
[Site "Durban RSA"]
[Date "2014.09.26"]
[Round "8.38"]
[White "Ndlovu, Bhekile"]
[Black "Ali, Abdulaziz"]
[Result "1/2-1/2"]
[WhiteElo "1567"]
[BlackElo "1740"]
[WhiteFideId "11001518"]
[BlackFideId "9304347"]
[EventDate "2014.09.20"]

1. e4 e5 2. Nf3 Nc6 3. Bc4 Bc5 4. O-O Nf6 5. Re1 O-O 6. c3 Re8 7. b4 Bb6 8. Qb3
Re7 9. a4 a6 10. h3 d6 11. d3 h6 12. Be3 Bxe3 13. Rxe3 Be6 14. Nbd2 Nh5 15. d4
Bxc4 16. Qxc4 exd4 17. cxd4 Nf6 18. Qc3 a5 19. b5 Nb4 20. Rae1 c6 21. bxc6 Rc8
22. Qb3 Rxc6 23. d5 Rc5 24. Nd4 Rec7 25. Nb5 Rc8 26. Rc3 Rxc3 27. Nxc3 Nd7 28.
Re3 Nc5 29. Qb1 1/2-1/2

[Event "World Youth Boys U16 2014"]
[Site "Durban RSA"]
[Date "2014.09.27"]
[Round "9.1"]
[White "Pichot, Alan"]
[Black "Sanal, Vahap"]
[Result "1-0"]
[WhiteTitle "IM"]
[BlackTitle "IM"]
[WhiteElo "2452"]
[BlackElo "2473"]
[WhiteFideId "110973"]
[BlackFideId "6300545"]
[EventDate "2014.09.20"]

1. e4 e5 2. Nf3 Nc6 3. Bb5 a6 4. Ba4 Nf6 5. O-O Be7 6. Re1 b5 7. Bb3 O-O 8. c3
d6 9. h3 Nb8 10. d4 Nbd7 11. Nbd2 c5 12. Nf1 Re8 13. Ng3 Bb7 14. a4 g6 15. Bg5
cxd4 16. cxd4 exd4 17. Nxd4 Qb6 18. Qd2 Nc5 19. a5 Qd8 20. Bc2 Nfxe4 21. Nxe4
Nxe4 22. Bxe7 Nxd2 23. Bxd8 Raxd8 24. Bd3 Re5 25. Rad1 Rd5 26. Be4 Nxe4 27. Rxe4
Re5 28. Nc6 Rde8 29. Nxe5 Bxe4 30. Nd7 Re6 31. Rc1 b4 32. Nb8 b3 33. Nxa6 Re5
34. Ra1 Kf8 35. Nb4 Rb5 36. Ra4 Ke7 37. a6 Kd7 38. a7 Ba8 39. f3 Rc5 40. Ra3 Rb5
41. Nd3 Kc7 42. Kf2 Kb6 43. Ke3 g5 44. Kd2 h5 45. Kc3 f5 46. Rxb3 Rxb3+ 47. Kxb3
g4 48. Nf4 gxf3 49. gxf3 h4 50. Ng6 Bxf3 51. Nxh4 Bd5+ 52. Kc3 Kxa7 53. Ng6 Kb6
54. Nf4 Bg8 55. h4 Kc6 56. Kd4 Kd7 57. b4 Kc6 58. h5 Kb6 59. h6 Kb5 60. Kc3 Bh7
61. Nd5 Bg6 62. Nc7+ Ka4 63. Ne6 f4 64. Nxf4 Bf5 65. Nd5 Kb5 66. Nf6 Ka4 67. h7
Bxh7 68. Nxh7 d5 69. Nf6 1-0

[Event "World Youth Boys U16 2014"]
[Site "Durban RSA"]
[Date "2014.09.27"]
[Round "9.3"]
[White "Karthikeyan, Murali"]
[Black "Ali Marandi, Cemil Can"]
[Result "1-0"]
[WhiteTitle "IM"]
[BlackTitle "IM"]
[WhiteElo "2462"]
[BlackElo "2408"]
[WhiteFideId "5074452"]
[BlackFideId "6300529"]
[EventDate "2014.09.20"]

1. e4 e5 2. Nf3 Nc6 3. Bb5 a6 4. Bxc6 dxc6 5. O-O Qf6 6. d4 exd4 7. Bg5 Qd6 8.
Qxd4 Qxd4 9. Nxd4 Bd7 10. Rd1 Be7 11. Bxe7 Nxe7 12. Nc3 O-O-O 13. b4 Rhe8 14. a4
Kb8 15. f4 Nc8 16. Nb3 Bg4 17. Rxd8 Rxd8 18. h3 Be6 19. Rd1 Rxd1+ 20. Nxd1 Bxb3
21. cxb3 Ne7 22. Ne3 Kc8 23. Kf2 Kd7 24. Kf3 c5 25. bxc5 Kc6 26. e5 Kxc5 27. Ke4
c6 28. Nf5 Nxf5 29. Kxf5 Kd4 30. a5 Ke3 31. h4 h5 32. g4 hxg4 33. Kxg4 Ke4 34.
h5 Kd5 35. Kf5 c5 36. e6 fxe6+ 37. Kg6 b5 38. axb6 Kc6 39. Kxg7 c4 40. bxc4 a5
41. h6 a4 42. h7 1-0

[Event "World Youth Boys U16 2014"]
[Site "Durban RSA"]
[Date "2014.09.27"]
[Round "9.4"]
[White "Chandran, Kapil"]
[Black "Van Foreest, Jorden"]
[Result "1/2-1/2"]
[BlackTitle "FM"]
[WhiteElo "2229"]
[BlackElo "2457"]
[WhiteFideId "2034077"]
[BlackFideId "1039784"]
[EventDate "2014.09.20"]

1. e4 e5 2. Nf3 Nc6 3. d4 exd4 4. Nxd4 Bc5 5. Nxc6 bxc6 6. Bd3 Qh4 7. Qf3 Nf6 8.
Nc3 Ng4 9. g3 Ne5 10. Qe2 Qf6 11. f4 Nxd3+ 12. Qxd3 Rb8 13. Na4 Be7 14. Bd2 O-O
15. O-O-O c5 16. c4 Qa6 17. Nc3 Rb4 18. Nb5 Ra4 19. a3 c6 20. b3 Rxc4+ 21. bxc4
cxb5 22. cxb5 Qa4 23. Qc2 Qxa3+ 24. Qb2 Qa4 25. Bc3 Qc4 26. Rhe1 d6 27. Kd2 Rd8
28. Bxg7 d5 29. exd5 Bg4 30. Ra1 f6 31. Rxa7 Rxd5+ 32. Ke3 Rd3+ 33. Kf2 Qd5 34.
Kg1 Rd2 35. Qxd2 Qxd2 36. Rexe7 Qd4+ 37. Kg2 Qb2+ 38. Kg1 Qd4+ 1/2-1/2

[Event "World Youth Boys U16 2014"]
[Site "Durban RSA"]
[Date "2014.09.27"]
[Round "9.5"]
[White "Rambaldi, Francesco"]
[Black "Saiyn, Zhanat"]
[Result "1-0"]
[WhiteTitle "FM"]
[BlackTitle "FM"]
[WhiteElo "2456"]
[BlackElo "2397"]
[WhiteFideId "20657307"]
[BlackFideId "13703820"]
[EventDate "2014.09.20"]

1. d4 Nf6 2. c4 e6 3. Nc3 Bb4 4. Bg5 h6 5. Bh4 c5 6. d5 exd5 7. cxd5 d6 8. f3
O-O 9. e4 a6 10. Bd3 Nbd7 11. Ne2 Ne5 12. O-O Ng6 13. Bf2 Bd7 14. Be3 Rb8 15. g4
Re8 16. Qd2 Ne5 17. Ng3 Qe7 18. Rae1 b5 19. Nf5 Bxf5 20. gxf5 Nfd7 21. Be2 Qf6
22. Kh1 Kh7 23. Qc2 Nc4 24. Bc1 Kh8 25. Rg1 Qd4 26. Bxc4 bxc4 27. Bf4 Qf6 28.
Rg3 Ne5 29. Bxe5 Qxe5 30. Reg1 Rg8 31. Qc1 Kh7 32. Nd1 Qd4 33. Qf4 Rbd8 34. R3g2
c3 35. bxc3 Bxc3 36. Qc1 Ba5 37. Ne3 Qf6 38. Ng4 Qh4 39. Qc4 Kh8 40. e5 dxe5 41.
Qxc5 Be1 42. Nxe5 Rgf8 43. Qe3 Bb4 44. Rg4 Qe7 45. Rxg7 Qf6 46. Nxf7+ Rxf7 47.
Rxf7 Qxf7 48. Qxh6+ Qh7 49. Qf6+ 1-0

[Event "World Youth Boys U16 2014"]
[Site "Durban RSA"]
[Date "2014.09.27"]
[Round "9.6"]
[White "Li, Di"]
[Black "Petrosyan, Manuel"]
[Result "0-1"]
[WhiteTitle "FM"]
[BlackTitle "FM"]
[WhiteElo "2192"]
[BlackElo "2397"]
[WhiteFideId "8607508"]
[BlackFideId "13300857"]
[EventDate "2014.09.20"]

1. d4 Nf6 2. c4 e6 3. g3 c5 4. d5 exd5 5. cxd5 d6 6. Nc3 g6 7. Bg2 Bg7 8. Nf3
O-O 9. O-O a6 10. a4 Nbd7 11. Bf4 Qc7 12. Qd2 Re8 13. Rac1 Ne4 14. Nxe4 Rxe4 15.
b3 Re8 16. e4 Rxe4 17. Ng5 Re8 18. Ne4 Ne5 19. Bg5 Ng4 20. h3 Bf5 21. Nxc5 dxc5
22. hxg4 Bxg4 23. d6 Qd7 24. Rxc5 Rac8 25. Rfc1 Rxc5 26. Rxc5 Bf8 27. Bf4 Rd8
28. Rc7 Qxc7 29. dxc7 Rxd2 30. Bxd2 Bc8 31. Bf4 Bc5 32. g4 f6 33. g5 fxg5 34.
Bxg5 Bd6 35. Bd5+ Kf8 36. Bd8 Ke8 37. Bg8 h6 38. Bd5 Kd7 39. Be4 Bxc7 40. Bxc7
Kxc7 41. Bxg6 a5 42. f4 Kd6 43. Kf2 Ke6 44. Kg3 Kf6 45. Bc2 Bf5 46. Bd1 Be4 47.
Kh4 Kg6 48. Kg4 h5+ 49. Kg3 b6 50. Be2 Bc2 51. Bb5 Bxb3 52. Be8+ Kf5 53. Bxh5
Bxa4 54. Bg4+ Ke4 55. Be6 Bd1 56. f5 Ke5 57. Kf2 Bc2 58. Ke3 Bxf5 59. Bc4 Be6
60. Bb5 Kd5 61. Kd3 Kc5 62. Be8 Bd5 63. Kc3 Bc6 64. Bh5 b5 65. Bd1 a4 66. Kb2 b4
67. Bc2 a3+ 68. Ka2 Bd5+ 69. Ka1 Kd4 70. Ba4 Kc3 71. Bc2 Bc4 72. Bd1 Bb3 73. Bg4
Bc2 74. Be6 Bd1 75. Ba2 Be2 0-1

[Event "World Youth Boys U16 2014"]
[Site "Durban RSA"]
[Date "2014.09.27"]
[Round "9.7"]
[White "Rodriguez, Adrien"]
[Black "Xu, Xiangyu"]
[Result "1/2-1/2"]
[WhiteElo "2284"]
[BlackElo "2133"]
[WhiteFideId "20691866"]
[BlackFideId "8608288"]
[EventDate "2014.09.20"]

1. d4 f5 2. g3 Nf6 3. Bg2 d5 4. c4 e6 5. Nh3 c6 6. O-O Bd6 7. Bf4 O-O 8. Nd2 Ne4
9. Bxd6 Qxd6 10. Nf3 dxc4 11. Qc2 b5 12. a4 Bb7 13. axb5 cxb5 14. Nd2 Qxd4 15.
Ng5 Qe5 16. Ndxe4 fxe4 17. Bxe4 Bxe4 18. Qxe4 Qxe4 19. Nxe4 Rd8 1/2-1/2

[Event "World Youth Boys U16 2014"]
[Site "Durban RSA"]
[Date "2014.09.27"]
[Round "9.8"]
[White "Mousavi, Seyed Khalil"]
[Black "Kumaran, B"]
[Result "1/2-1/2"]
[WhiteTitle "FM"]
[WhiteElo "2348"]
[BlackElo "2239"]
[WhiteFideId "12511099"]
[BlackFideId "5038472"]
[EventDate "2014.09.20"]

1. Nf3 Nf6 2. c4 e6 3. g3 d5 4. Bg2 Be7 5. O-O O-O 6. d4 dxc4 7. Qc2 a6 8. Rd1
b5 9. Ng5 c6 10. b3 h6 11. Ne4 Nxe4 12. Qxe4 cxb3 13. axb3 Bb7 14. Qg4 Bg5 15.
Bxg5 Qxg5 16. Qxg5 hxg5 17. Nd2 Rd8 18. b4 Ra7 19. Nb3 Kf8 20. Rdc1 Ke7 21. e3
Kd6 22. Kf1 Nd7 23. Na5 Rc8 24. e4 Nb6 25. Rc5 f6 26. Rac1 Kd7 27. Ke2 Ba8 28.
Ke3 Rac7 29. f4 Na4 30. R5c2 gxf4+ 31. Kxf4 Ke7 32. Nb3 Nb6 33. Bf1 Rd8 34. Ra1
Na4 35. h4 Rcd7 36. Ke3 e5 37. dxe5 fxe5 38. Be2 Rd4 39. Nxd4 Rxd4 40. Rf1 Rxb4
41. Rf5 Rb3+ 42. Kf2 c5 43. Rxe5+ Kf6 44. Rf5+ Ke7 45. Re5+ Kf6 46. Re8 Bc6 47.
e5+ Kf5 48. Re7 Nc3 49. Bd3+ Be4 50. g4+ Kf4 51. Rf7+ Kxe5 52. Re7+ Kf6 53. Rxe4
Nxe4+ 54. Bxe4 c4 55. g5+ Ke5 56. Re2 Kf4 57. Bg6 Rf3+ 58. Kg2 Rg3+ 59. Kf2 Rf3+
60. Kg2 Rg3+ 61. Kf2 Rf3+ 1/2-1/2

[Event "World Youth Boys U16 2014"]
[Site "Durban RSA"]
[Date "2014.09.27"]
[Round "9.9"]
[White "Kollars, Dmitrij"]
[Black "Sibashvili, Giorgi"]
[Result "1-0"]
[WhiteElo "2243"]
[BlackElo "2335"]
[WhiteFideId "12909572"]
[BlackFideId "13602799"]
[EventDate "2014.09.20"]

1. e4 e6 2. d4 d5 3. Nd2 Nf6 4. e5 Nfd7 5. Bd3 c5 6. c3 Nc6 7. Ne2 cxd4 8. cxd4
f6 9. Nf4 Nxd4 10. Qh5+ Ke7 11. exf6+ Nxf6 12. Ng6+ hxg6 13. Qxh8 Kf7 14. Qh4 e5
15. Nf3 Nxf3+ 16. gxf3 Bf5 17. Bxf5 gxf5 18. Bg5 Bc5 19. Rc1 Bb6 20. O-O Qh8 21.
Bxf6 gxf6 22. Qxh8 Rxh8 23. Rfd1 Ke6 24. a4 Rd8 25. b4 Rd7 26. a5 Bd8 27. h4 d4
28. Rc8 f4 29. Kf1 f5 30. h5 Bf6 31. a6 bxa6 32. Rdc1 Bd8 33. h6 Kf7 34. R1c5
Kg6 35. Rxe5 Kxh6 36. Rxf5 Be7 37. Rc4 d3 38. Ke1 Bd6 39. Kd1 Bb8 40. Rc6+ Kg7
41. Rxa6 Rb7 42. Ra4 Bd6 43. b5 Kg6 44. Rd5 Bb8 45. Ra6+ Kf7 46. Kd2 Re7 47.
Kxd3 Be5 48. Ke4 Bc7+ 49. Kf5 Bb6 50. Ra4 Bxf2 51. Rxf4 Rc7 52. Re4 Bb6 53. Re6 1-0